书目信息 |
| 题名: |
Office高手是怎样炼成的
|
|
| 作者: | 何灿 著 | |
| 分册: | PPT活学活用 | |
| 出版信息: | 北京 华龄出版社 2020.12 |
|
| 页数: | 298页 | |
| 开本: | 24cm | |
| 丛书名: | ||
| 单 册: | ||
| 中图分类: | TP317.1 , TP391.12 | |
| 科图分类: | ||
| 主题词: | 办公自动化--ban gong zi dong hua--应用软件 , 汉字处理软件系统--han zi chu li ruan jian xi tong | |
| 电子资源: | ||
| ISBN: | 978-7-5169-1774-9 | |
| 000 | 01115nam 2200301 450 | |
| 001 | CAL 0120217141988 | |
| 005 | 20230217093113.0 | |
| 010 | @a978-7-5169-1774-9@dCNY73.00 | |
| 100 | @a20210410d2020 em y0chiy0120 ea | |
| 101 | 0 | @achi |
| 102 | @aCN@b110000 | |
| 105 | @aa z 000yy | |
| 106 | @ar | |
| 200 | 1 | @aOffice高手是怎样炼成的@AOffice gao shou shi zen yang lian cheng de@iPPT活学活用@f何灿著 |
| 210 | @a北京@c华龄出版社@d2020.12 | |
| 215 | @a298页@c图@d24cm | |
| 300 | @a书虫斋 | |
| 314 | @a何灿, 电脑培训学校Office, 职场教育首席讲师, Office软件操作的实践者、钻研者、总结者、分享者, 80后女作家。 | |
| 330 | @a本书共六章, 主要内容包括: WPS之公办文档, WPS之表格文档, WPS之文档样式与模板, WPS之修订与邮件合并, WPS之电子表格, WPS之演示文稿。 | |
| 517 | 1 | @aWPS活学活用@AWPS huo xue huo yong |
| 606 | 0 | @a办公自动化@Aban gong zi dong hua@x应用软件 |
| 606 | 0 | @a汉字处理软件系统@Ahan zi chu li ruan jian xi tong |
| 610 | 0 | @aWPS Office |
| 690 | @aTP317.1@v5 | |
| 690 | @aTP391.12@v5 | |
| 701 | 0 | @a何灿@Ahe can@4著 |
| 801 | 0 | @aCN@bBJXHZP@c20230228 |
| 905 | @b1396587-90@dTP317.1@e751@f4 | |
| Office高手是怎样炼成的.PPT活学活用/何灿著.-北京:华龄出版社,2020.12 |
| 298页:图;24cm |
| 书虫斋 |
| ISBN 978-7-5169-1774-9:CNY73.00 |
| 本书共六章, 主要内容包括: WPS之公办文档, WPS之表格文档, WPS之文档样式与模板, WPS之修订与邮件合并, WPS之电子表格, WPS之演示文稿。 |
| ● |
| 相关链接 |
|
|
|
|
正题名:Office高手是怎样炼成的
索取号:TP317.1/751
 
预约/预借
| 序号 | 登录号 | 条形码 | 馆藏地/架位号 | 状态 | 备注 |
| 1 | 1396587 | 213965878 | 第二样本阅览室/ [索取号:TP317.1/751] | 在馆 | |
| 2 | 1396588 | 213965887 | 第三借阅区/ [索取号:TP317.1/751] | 在馆 | |
| 3 | 1396589 | 213965896 | 第三借阅区/ [索取号:TP317.1/751] | 在馆 | |
| 4 | 1396590 | 213965903 | 第三借阅区/ [索取号:TP317.1/751] | 在馆 |